| 000 | 00502nam a2200205Ia 4500 | ||
|---|---|---|---|
| 005 | 20240823012220.0 | ||
| 008 | 240823s9999||||xx |||||||||||||| ||und|| | ||
| 020 | _a81-7808-387-6 | ||
| 041 | _aENGLISH | ||
| 082 | _A658.403 P3 | ||
| 100 | _a"Anahory,Sam" | ||
| 245 | 0 | _aData Warehouses in the Real World | |
| 250 | _a1st | ||
| 260 |
_c2003 _b"Pearson,New Delhi" |
||
| 500 | _aYES | ||
| 650 |
_aWarehousing _bManagement Studies |
||
| 700 | _a" Murray,Dennis" | ||
| 942 | _cBK | ||
| 999 |
_c163771 _d163771 |
||